| 000 | 00678nam a22001577a 4500 | ||
|---|---|---|---|
| 005 | 2012021600430.0 | ||
| 020 |
_a8120719212 _c000.00 |
||
| 035 | _aA-822666 | ||
| 037 |
_aDPL _bENG |
||
| 100 |
_aTulli,Mahan Vir _943491 |
||
| 245 |
_aAstrology & love life/ _cby Mahan Vir Tulli |
||
| 260 |
_aNew Delhi _bSterling Paperbacks _c1996 |
||
| 300 |
_a xvi,132p. _c22 cms. |
||
| 942 |
_2ddc _cEN _h133.5 _mWIL |
||
| 999 |
_c63803 _d63803 |
||